000 00451nam a2200169 i 4500
001 93065
003 ES-MaACL
005 20230906181123.0
007 t|
008 050407s1952 sp |||| | spa d
080 _a150.0(042)171:151.0
100 1 _aLojendio Irure, Ignacio María.
_9150808
245 1 3 _aLa vida /
_cIgnacio María de Lojendio.
260 _aSevilla :
_bG.E.H.A.,
_c1952.
300 _a87 p. ;
_c19 cm.
852 _aES-MaACL
_jD-8188
999 _c93065
_d93065